Good essay writing : (Record no. 9470)
[ view plain ]
| 000 -LEADER | |
|---|---|
| fixed length control field | 00814nam a22002412 4500 |
| 001 - CONTROL NUMBER | |
| control field | 0000020705 |
| 005 - DATE AND TIME OF LATEST TRANSACTION | |
| control field | 20151217152220.0 |
| 008 - FIXED-LENGTH DATA ELEMENTS--GENERAL INFORMATION | |
| fixed length control field | 111004s xx 000 0 eng d |
| 020 ## - INTERNATIONAL STANDARD BOOK NUMBER | |
| International Standard Book Number | 085702371 : |
| 040 ## - CATALOGING SOURCE | |
| Original cataloging agency | KABU |
| Transcribing agency | KABU |
| 100 1# - MAIN ENTRY--PERSONAL NAME | |
| Personal name | Redman, Peter. |
| -- | 0000181208 |
| 245 10 - TITLE STATEMENT | |
| Title | Good essay writing : |
| Remainder of title | a social science guide / |
| Statement of responsibility, etc. | Peter Redman, and Wendy Maples. |
| 250 ## - EDITION STATEMENT | |
| Edition statement | 4th ed. |
| 260 ## - PUBLICATION, DISTRIBUTION, ETC. (IMPRINT) | |
| Place of publication, distribution, etc. | London : |
| Name of publisher, distributor, etc. | SAGE, |
| Date of publication, distribution, etc. | 2011. |
| 300 ## - PHYSICAL DESCRIPTION | |
| Extent | ix, 172 p. |
| 650 #0 - SUBJECT ADDED ENTRY--TOPICAL TERM | |
| Topical term or geographic name as entry element | English language |
| General subdivision | Rhetoric. |
| -- | 0000152050 |
| 650 #0 - SUBJECT ADDED ENTRY--TOPICAL TERM | |
| Topical term or geographic name as entry element | Social sciences |
| General subdivision | Authorship |
| -- | Problems, exercises, etc. |
| -- | 0000181209 |
| 650 #0 - SUBJECT ADDED ENTRY--TOPICAL TERM | |
| Topical term or geographic name as entry element | Essay |
| General subdivision | Authorship |
| -- | Problems, exercises, etc. |
| -- | 0000181210 |
| 700 1# - ADDED ENTRY--PERSONAL NAME | |
| Personal name | Maples, Wendy. |
| -- | 0000181211 |
| 852 1# - LOCATION | |
| -- | p1997.95 KES |
| 908 ## - PUT COMMAND PARAMETER (RLIN) | |
| Put command parameter | 111004 |
| 950 ## - LOCAL HOLDINGS (RLIN) | |
| -- | 1 |
| Withdrawn status | Lost status | Source of classification or shelving scheme | Not for loan | Home library | Current library | Date acquired | Total Checkouts | Full call number | Barcode | Date last seen | Price effective from | Koha item type |
|---|---|---|---|---|---|---|---|---|---|---|---|---|
| Library of Congress Classification | Kabarak, Main Campus | Kabarak, Main Campus | 17/12/2015 | PE1471 .R43 2011 c. 1 | 19233 | 17/12/2015 | 17/12/2015 | General Collection |